000
00330 a2200157 4500
001
61750
020
_a
040
_c
Anchieta - Pituba
240
1
0
_a
Caderno 07 - Revisão
_l
por
245
1
0
_a
Caderno 07 - Revisão
300
_a
362
0
_a
2013
440
1
_a
Colégio Anchieta
650
4
_a
Ensino superior
942
_c
BK
999
_c
61750
_d
61750